<?xml version="1.0" encoding="UTF-8"?>
<record
    xmlns:xsi="http://www.w3.org/2001/XMLSchema-instance"
    xsi:schemaLocation="http://www.loc.gov/MARC21/slim http://www.loc.gov/standards/marcxml/schema/MARC21slim.xsd"
    xmlns="http://www.loc.gov/MARC21/slim">

  <leader>01502namaa22003251i 4500</leader>
  <controlfield tag="003">EG-GICUC</controlfield>
  <controlfield tag="005">20260602123501.0</controlfield>
  <controlfield tag="008">260602s2010    ua ||||jr|||| 000 0 ara d</controlfield>
  <datafield tag="017" ind1=" " ind2=" ">
    <subfield code="a">2010 / 5913</subfield>
    <subfield code="b">&#x62F;&#x627;&#x631; &#x627;&#x644;&#x643;&#x62A;&#x628; &#x648;&#x627;&#x644;&#x648;&#x62B;&#x627;&#x626;&#x642; &#x627;&#x644;&#x642;&#x648;&#x645;&#x64A;&#x629;(&#x645;&#x635;&#x631;)</subfield>
  </datafield>
  <datafield tag="020" ind1=" " ind2=" ">
    <subfield code="a">9789773133705</subfield>
  </datafield>
  <datafield tag="040" ind1=" " ind2=" ">
    <subfield code="a">EG-GiCUC</subfield>
    <subfield code="b">ara</subfield>
    <subfield code="c">EG-GiCUC</subfield>
    <subfield code="d">EG-GiCUC</subfield>
    <subfield code="e">rda</subfield>
  </datafield>
  <datafield tag="082" ind1="0" ind2="4">
    <subfield code="2">21</subfield>
    <subfield code="a">320.019</subfield>
    <subfield code="b">H6339</subfield>
  </datafield>
  <datafield tag="092" ind1="0" ind2="4">
    <subfield code="2">21</subfield>
    <subfield code="a">320.019</subfield>
    <subfield code="b">H6339</subfield>
  </datafield>
  <datafield tag="099" ind1=" " ind2=" ">
    <subfield code="a">320.019 H6339</subfield>
  </datafield>
  <datafield tag="100" ind1="1" ind2=" ">
    <subfield code="a">&#x62D;&#x646;&#x641;&#x649;&#x60C; &#x642;&#x62F;&#x631;&#x649;.</subfield>
    <subfield code="e">&#x645;&#x624;&#x644;&#x641;.</subfield>
  </datafield>
  <datafield tag="245" ind1="1" ind2="0">
    <subfield code="a">&#x62F; . &#x642;&#x62F;&#x631;&#x649; &#x62D;&#x641;&#x646;&#x649; &#x628;&#x64A;&#x646; &#x639;&#x644;&#x645; &#x627;&#x644;&#x646;&#x641;&#x633; &#x648; &#x627;&#x644;&#x633;&#x64A;&#x627;&#x633;&#x629; : </subfield>
    <subfield code="b">&#x645;&#x62E;&#x62A;&#x627;&#x631;&#x627;&#x62A; &#x641;&#x643;&#x631;&#x64A;&#x629;</subfield>
  </datafield>
  <datafield tag="250" ind1=" " ind2=" ">
    <subfield code="a">&#x627;&#x644;&#x637;&#x628;&#x639;&#x629; &#x627;&#x644;&#x627;&#x648;&#x644;&#x649;.</subfield>
  </datafield>
  <datafield tag="264" ind1=" " ind2=" ">
    <subfield code="a">&#x627;&#x644;&#x642;&#x627;&#x647;&#x631;&#x629; : </subfield>
    <subfield code="b">&#x645;&#x631;&#x643;&#x632; &#x627;&#x644;&#x645;&#x62D;&#x631;&#x648;&#x633;&#x629; &#x644;&#x644;&#x646;&#x634;&#x631;&#x60C; </subfield>
    <subfield code="c">2010.</subfield>
  </datafield>
  <datafield tag="300" ind1=" " ind2=" ">
    <subfield code="a">4&#x645;&#x62C;&#x644;&#x62F;&#x627;&#x62A;</subfield>
    <subfield code="b">&#x61B;</subfield>
    <subfield code="c">22 &#x633;&#x645;</subfield>
  </datafield>
  <datafield tag="336" ind1=" " ind2=" ">
    <subfield code="2">rdacontent</subfield>
    <subfield code="a">text</subfield>
  </datafield>
  <datafield tag="337" ind1=" " ind2=" ">
    <subfield code="2">rdamedia</subfield>
    <subfield code="a">Unmediated</subfield>
  </datafield>
  <datafield tag="338" ind1=" " ind2=" ">
    <subfield code="2">rdacarrier</subfield>
    <subfield code="a">volume</subfield>
  </datafield>
  <datafield tag="504" ind1=" " ind2=" ">
    <subfield code="a">&#x64A;&#x634;&#x62A;&#x645;&#x644; &#x639;&#x644;&#x649; &#x627;&#x644;&#x627;&#x631;&#x62C;&#x627;&#x639;&#x627;&#x62A; &#x627;&#x644;&#x628;&#x628;&#x644;&#x648;&#x62C;&#x631;&#x627;&#x641;&#x64A;&#x629;</subfield>
  </datafield>
  <datafield tag="505" ind1=" " ind2=" ">
    <subfield code="a">&#x627;&#x644;&#x645;&#x62C;&#x644;&#x62F; 1. &#x62F;&#x631;&#x627;&#x633;&#x627;&#x62A; &#x646;&#x641;&#x633;&#x64A;&#x629; &#x641;&#x649; &#x627;&#x644;&#x627;&#x62A;&#x635;&#x627;&#x644; &#x648; &#x627;&#x644;&#x62A;&#x639;&#x644;&#x64A;&#x645; &#x648; &#x627;&#x644;&#x62B;&#x642;&#x627;&#x641;&#x629; = &#x627;&#x644;&#x645;&#x62C;&#x644;&#x62F;2. &#x627;&#x644;&#x639;&#x646;&#x641; &#x628;&#x64A;&#x646; &#x633;&#x644;&#x637;&#x629; &#x627;&#x644;&#x62F;&#x648;&#x644;&#x629; &#x648;&#x627;&#x644;&#x645;&#x62C;&#x62A;&#x645;&#x639; = &#x627;&#x644;&#x645;&#x62C;&#x644;&#x62F; 3 . &#x627;&#x644;&#x635;&#x631;&#x627;&#x639; &#x627;&#x644;&#x639;&#x631;&#x628;&#x649; &#x627;&#x644;&#x627;&#x633;&#x631;&#x627;&#x626;&#x64A;&#x644;&#x649; = &#x627;&#x644;&#x645;&#x62C;&#x644;&#x62F; 4. &#x62A;&#x627;&#x631;&#x64A;&#x62E; &#x639;&#x644;&#x645; &#x627;&#x644;&#x646;&#x641;&#x633; &#x648;&#x627;&#x644;&#x62A;&#x641;&#x633;&#x64A;&#x631; &#x627;&#x644;&#x646;&#x641;&#x633;&#x649; &#x644;&#x644;&#x62A;&#x627;&#x631;&#x64A;&#x62E;</subfield>
  </datafield>
  <datafield tag="541" ind1=" " ind2=" ">
    <subfield code="a">&#x62F; . &#x62C;&#x627;&#x628;&#x631; &#x639;&#x635;&#x641;&#x648;&#x631; &#x61B;</subfield>
    <subfield code="b">&#x627;&#x644;&#x642;&#x627;&#x647;&#x631;&#x629; &#x61B;</subfield>
    <subfield code="c">&#x625;&#x647;&#x62F;&#x627;&#x621; &#x61B;</subfield>
    <subfield code="d">2024.</subfield>
  </datafield>
  <datafield tag="650" ind1="1" ind2="7">
    <subfield code="a">&#x639;&#x644;&#x645; &#x627;&#x644;&#x646;&#x641;&#x633; &#x627;&#x644;&#x633;&#x64A;&#x627;&#x633;&#x649;</subfield>
    <subfield code="2">qrmak</subfield>
  </datafield>
  <datafield tag="651" ind1="1" ind2=" ">
    <subfield code="2">qrmak</subfield>
  </datafield>
  <datafield tag="905" ind1=" " ind2=" ">
    <subfield code="a">Noha</subfield>
  </datafield>
  <datafield tag="942" ind1=" " ind2=" ">
    <subfield code="2">ddc</subfield>
    <subfield code="c">BK</subfield>
    <subfield code="e">21</subfield>
    <subfield code="n">0</subfield>
  </datafield>
  <datafield tag="999" ind1=" " ind2=" ">
    <subfield code="c">180338</subfield>
    <subfield code="d">180338</subfield>
  </datafield>
  <datafield tag="952" ind1=" " ind2=" ">
    <subfield code="0">0</subfield>
    <subfield code="1">0</subfield>
    <subfield code="2">ddc</subfield>
    <subfield code="4">0</subfield>
    <subfield code="7">1</subfield>
    <subfield code="a">CUCL</subfield>
    <subfield code="b">cl410</subfield>
    <subfield code="d">2026-06-02</subfield>
    <subfield code="i">175548</subfield>
    <subfield code="l">0</subfield>
    <subfield code="o">320.019 H6339 v.1 J.U.</subfield>
    <subfield code="p">01000100175548001</subfield>
    <subfield code="r">2026-06-02 11:37:00</subfield>
    <subfield code="w">2026-06-02</subfield>
    <subfield code="y">BK</subfield>
  </datafield>
  <datafield tag="952" ind1=" " ind2=" ">
    <subfield code="0">0</subfield>
    <subfield code="1">0</subfield>
    <subfield code="2">ddc</subfield>
    <subfield code="4">0</subfield>
    <subfield code="7">1</subfield>
    <subfield code="a">CUCL</subfield>
    <subfield code="b">cl410</subfield>
    <subfield code="d">2026-06-02</subfield>
    <subfield code="i">175548</subfield>
    <subfield code="l">0</subfield>
    <subfield code="o">320.019 H6339 v.2 J.U.</subfield>
    <subfield code="p">01000100175548002</subfield>
    <subfield code="r">2026-06-02 11:44:00</subfield>
    <subfield code="w">2026-06-02</subfield>
    <subfield code="y">BK</subfield>
  </datafield>
  <datafield tag="952" ind1=" " ind2=" ">
    <subfield code="0">0</subfield>
    <subfield code="1">0</subfield>
    <subfield code="2">ddc</subfield>
    <subfield code="4">0</subfield>
    <subfield code="7">1</subfield>
    <subfield code="a">CUCL</subfield>
    <subfield code="b">cl410</subfield>
    <subfield code="d">2026-06-02</subfield>
    <subfield code="i">175548</subfield>
    <subfield code="l">0</subfield>
    <subfield code="o">320.019 H6339 v.3 J.U.</subfield>
    <subfield code="p">01000100175548003</subfield>
    <subfield code="r">2026-06-02 11:45:00</subfield>
    <subfield code="w">2026-06-02</subfield>
    <subfield code="y">BK</subfield>
  </datafield>
  <datafield tag="952" ind1=" " ind2=" ">
    <subfield code="0">0</subfield>
    <subfield code="1">0</subfield>
    <subfield code="2">ddc</subfield>
    <subfield code="4">0</subfield>
    <subfield code="7">1</subfield>
    <subfield code="a">CUCL</subfield>
    <subfield code="b">cl410</subfield>
    <subfield code="d">2026-06-02</subfield>
    <subfield code="i">175548</subfield>
    <subfield code="l">0</subfield>
    <subfield code="o">320.019 H6339 v.4 J.U.</subfield>
    <subfield code="p">01000100175548004</subfield>
    <subfield code="r">2026-06-02 11:48:00</subfield>
    <subfield code="w">2026-06-02</subfield>
    <subfield code="y">BK</subfield>
  </datafield>
</record>
